000 01380nam a2200313 c 4500
003 BLK
005 20180422100658.0
008 180408b bul|||||r ||||||| ||bul||
010 _aKNG00043013000
040 _aBLK
041 _aBUL
_cBUL
080 _aБългарска литература
_b821.163.2
_x-31
_z821.163.2-31
100 1 _aВелков, Крум Делчев
_eпърви автор
_9276764
700 1 _aСестримски, Иван
_eпредг. от
_9363551
139 _aВелков, Крум Делчев
_bВ 43
245 1 0 _aСело Борово
_bРоман
_cКрум Делчев Велков; предг. от Иван Сестримски.
250 _a14. изд.
257 _aBGR
260 София
_bБълг. писател
_c1984
_fВраца : В. Александров
300 _a176 с.
_c20 см
380 _aX
490 1 _aБиблиотека за ученика
500 _a1. изд. 1961. - В кн. означено 5. изд. - 32 113 тир. - Съдържа и Биографични бележки, Спомени за Крум Велков, Български критици за "Село Борово", Кратка библиография.
852 _aЦб 132460
856 4 _qpdf
_u
856 4 _qpdf
_u
942 _cKNG
_n0
944 _aCR
_c30.08.2016
_kНора_Радева
944 _aED
_c30.08.2016
_kНора_Радева
999 _c39651
_d39651